| 000 | 01275nam a22002415a 4500 | ||
|---|---|---|---|
| 003 | OSt | ||
| 005 | 20170216141839.0 | ||
| 008 | 161127s2016 ua frb 000 0 ara d | ||
| 040 |
_aEG-ScBUE _bara _cEG-ScBUE |
||
| 043 | _af-ua--- | ||
| 082 | 0 | 4 |
_a345.6205 _bس ر و _222 |
| 100 | 1 | _aسرور، أحمد فتحي. | |
| 245 | 1 | 2 |
_aالوسيط في قانون الإجراءات الجنائية / _cأحمد فتحي سرور. |
| 250 | _aط. 10، مطورة. | ||
| 260 |
_aالقاهرة : _bدار النهضة العربية، _c2016. |
||
| 300 |
_a2 مج. ؛ _c24 سم. |
||
| 504 | _aيشتمل على إرجاعات ببليوجرافية. | ||
| 505 | 0 | _aالكتاب الأول. الأحكام العامة للإجراءات الجنائية : الإجراءات السابقة على المحاكمة - إجراءات المحاكمة -- الكتاب الثاني. طرق الطعن في الأحكام الجنائية : طرق الطعن العادية (المعارضة - الاستئناف) - طرق الطعن غير العادية (الطعن بالنقض - طلب إعادة النظر) | |
| 650 | 7 |
_aقانون الإجراءات الجنائية _zمصر _2BUEsh _941140 |
|
| 651 | _2BUEsh | ||
| 653 |
_bLLAAWW _cNovember2016 _cFebruary2017 |
||
| 942 | _2ddc | ||
| 999 |
_c23354 _d23326 |
||